| 000 | 00659nam a22001937a 4500 | ||
|---|---|---|---|
| 005 | 20180416161623.0 | ||
| 010 | _aENG-122588 | ||
| 020 |
_a9789352800391 _c995.00 |
||
| 035 | _aEN-106120 | ||
| 037 | _bDBAD/PUB | ||
| 082 | _a333.91 | ||
| 100 | _aSchmidt, Jeremy J. | ||
| 245 |
_aWater abundance scarcity and security in the age of humanity / _cby Jeremy J. Schmidt |
||
| 260 |
_aNew Delhi _bSage Publications _c2017 |
||
| 270 |
_aB-1/I-1, Mohan Cooperative Industrial Area, Mathura Road, _bNew Delhi _e110044 |
||
| 300 |
_a308p. _c22cm.(Hb) _bill. |
||
| 500 | _aIt include note, bibliography and index | ||
| 942 |
_2ddc _cEN _mSCH _h333.91 |
||
| 999 |
_c151250 _d151250 |
||